Statistics for Answers Contain "Luck" 🍀

Click here to take the quiz!

General Stats

  • This quiz has been taken 68 times
  • The average score is 6 of 15

Answer Stats

HintAnswer% Correct
What breaking a mirror bringsseven years of bad luck
97%
Gathering where each guest contributes a different dish of foodpotluck
73%
Breakfast cereal with marshmallowsLucky Charms
71%
Phrase often heard around St. Patrick's DayThe Luck of the Irish
58%
2013 Daft Punk single with Pharrell Williams vocalsGet Lucky
54%
Brand of American cigarettesLucky Strike
54%
Capital and the largest city of the Indian state of Uttar PradeshLucknow
36%
80s game show famous for the "Whammy" (Rebooted 2019)Press Your Luck
29%
Disney sitcom that originally aired from 2010 to 2014Good Luck Charlie
27%
Father of modern organized crime in the United StatesLucky Luciano
27%
Novel or film about women and their Chinese immigrant mothersThe Joy Luck Club
27%
Song from Guys and Dolls, sung by Marlon Brando in the filmLuck Be a Lady
25%
2005 George Clooney film about anti-communist Joseph McCarthyGood Night, and Good Luck
20%
What Falkor in The Neverending Story isluck dragon
17%
President of Nigeria from 2010 to 2015Goodluck Jonathan
15%

Score Distribution

Percentile by Number Answered

Percent of People with Each Score

Your Score History

You have not taken this quiz